Sústava národohospodárskych analýz PPoK a jej informačný základ Čiastková úloha. ŠPEV 902529510-06
Guardado en:
| Autor principal: | |
|---|---|
| Formato: | Libro |
| Lenguaje: | eslovaco |
| Publicado: |
Bratislava
Výskumný ústav ekonomiky poľnohospodárstva a potravinárstva
1989
|
| Etiquetas: |
Sin Etiquetas, Sea el primero en etiquetar este registro!
|
MARC
| LEADER | 00000nam a2200000 4500 | ||
|---|---|---|---|
| 001 | c040303 | ||
| 005 | 20221215071551.4 | ||
| 041 | 0 | |a slo | |
| 044 | |a SK | ||
| 245 | 1 | 0 | |a Sústava národohospodárskych analýz PPoK a jej informačný základ |b Čiastková úloha. ŠPEV 902529510-06 |c Jozef Dančo |
| 264 | 1 | |a Bratislava |b Výskumný ústav ekonomiky poľnohospodárstva a potravinárstva |c 1989 | |
| 300 | |a 42 s. | ||
| 100 | 1 | |a Dančo, Jozef | |